000 nam a22 7a 4500
999 _c9827
_d9827
008 180208b ||||| |||| 00| 0 eng d
100 _aBrontie, C
_95916
245 _aThe professor
260 _aLondon
_bWords worth Publication
_c2010